000 00309nam a2200121Ia 4500
008 190216s9999||||xx |||||||||||||| ||und||
100 _aVijayan N
245 0 _aAdunikayugattile Viplavangal
260 _bKerala Bhasha Institute
_c1972
300 _a341p
650 _aIndian History-Modern India
942 _cBK
999 _c37820
_d37820